Ziridis of Granada (Record no. 5272)

MARC details
000 -LEADER
fixed length control field 00619nam a2200253 a 4500
020 ## - INTERNATIONAL STANDARD BOOK NUMBER
ISBN
082 00 - DEWEY DECIMAL CLASSIFICATION NUMBER
Classification number 946.02
Author Cutter HAN
100 ## - MAIN ENTRY--AUTHOR NAME
Author name Handler, Andrew
245 ## - TITLE STATEMENT
Title Ziridis of Granada
260 ## - PUBLICATION, DISTRIBUTION, ETC. (IMPRINT)
Place of publication Florida
Name of publisher University of Miami Press
Year of publication 1974
300 ## - PHYSICAL DESCRIPTION
Number of Pages 208p
500 ## - GENERAL NOTE
General note includes index and biblioraphy
505 2# - FORMATTED CONTENTS NOTE
Formatted contents note Footnotes
650 ## - SUBJECT ADDED ENTRY--TOPICAL TERM
Topical Term Spain-History-Islam
650 ## - SUBJECT ADDED ENTRY--TOPICAL TERM
Topical Term Zirids,Granda-history
942 ## - ADDED ENTRY ELEMENTS (KOHA)
Koha item type Books
700 1# -
-- Handler, Andrew
Holdings
Collection code Home library Current library Date acquired Cost, normal purchase price Full call number Accession Number Koha item type
  Henry Martyn Institute Library Henry Martyn Institute Library 04/02/2007 100.00 946.02 HAN 09137 Books
                   Copyright © 2026 | Henry Martyn Institute | Hyderabad | TS-500052 | INDIA | Implemented by hmi.edu.in
Hit-Count:

Powered by Koha